KOHA-Header-6

Modern Management (Record no. 12317)

000 -LEADER
fixed length control field 00347nam a22001337a 4500
020 ## - INTERNATIONAL STANDARD BOOK NUMBER
ISBN 9789332565029
082 ## - DEWEY DECIMAL CLASSIFICATION NUMBER
Classification number 658
100 ## - MAIN ENTRY--AUTHOR NAME
Personal name Samuel C. Certo, S. Trevis Certo
245 ## - TITLE STATEMENT
Title Modern Management
Remainder of title Concepts and Skills
Statement of responsibility, etc Samuel C. Certo, S. Trevis Certo
250 ## - EDITION STATEMENT
Edition statement 14th
260 ## - PUBLICATION, DISTRIBUTION, ETC. (IMPRINT)
Place of publication India
Name of publisher Pearson
Year of publication 2015
300 ## - PHYSICAL DESCRIPTION
Number of Pages 576 pages.
942 ## - ADDED ENTRY ELEMENTS (KOHA)
Koha item type Books
Holdings
Withdrawn status Lost status Collection code Permanent Location Current Location Shelving location Date acquired Full call number Accession Number Koha item type
    Management MAJU MAJU   2020-03-04 658 9603 Management

Powered by Koha